[Event "Montevideo Contra el Bicho op"]
[Site "Montevideo"]
[Date "2020.09.11"]
[Round "5"]
[White "Caitano, Martin Joel"]
[Black "Avedisian, Alexander"]
[Result "1-0"]
[WhiteElo "2086"]
[BlackElo "1923"]
[PlyCount "79"]
[EventDate "2020.08.28"]
[EventType "swiss"]
[EventRounds "6"]
[EventCountry "URU"]
[SourceTitle "EXT 2021"]
[Source "ChessBase"]
[SourceDate "2020.10.23"]
[SourceVersion "1"]
[SourceVersionDate "2020.10.23"]
[SourceQuality "1"]

1. e4 c5 2. Nf3 g6 3. d4 cxd4 4. Qxd4 Nf6 5. Nc3 Nc6 6. Qa4 d6 7. e5 dxe5 8. Nxe5 Qd4 9. Nxc6 Qxa4 10. Nxa4 bxc6 11. Be3 Bg7 12. 0-0-0 0-0 13. Bc4 Rb8 14. Rhe1 Nd7 15. Bf4 e5 16. Be3 Nb6 17. Bb3 Ba6 18. Nc5 Bc4 19. Nd7 Nxd7 20. Rxd7 Bxb3 21. axb3 a6 22. Red1 f5 23. Rc7 f4 24. Bc5 Bh6 25. Bxf8 Rxf8 26. Kb1 e4 27. Rxc6 f3 28. gxf3 exf3 29. Rd3 Bg7 30. Re6 g5 31. h3 h5 32. Rg6 g4 33. Rg5 Kf7 34. Rd7+ Kf6 35. Rdxg7 gxh3 36. R5g6+ Kf5 37. Rg3 Kf6 38. R7g6+ Kf5 39. R6g5+ Kf4 40. Rxh5 1-0

[Event "Montevideo Cao Memorial"]
[Site "Montevideo"]
[Date "2018.11.14"]
[Round "4"]
[White "Soto, Nicolas"]
[Black "Caitano, Martin Joel"]
[Result "0-1"]
[WhiteElo "1957"]
[BlackElo "2097"]
[PlyCount "136"]
[EventDate "2018.11.07"]
[EventType "swiss"]
[EventRounds "7"]
[EventCountry "URU"]
[SourceTitle "CBM 187 Extra"]
[Source "ChessBase"]
[SourceDate "2018.11.04"]
[SourceVersion "1"]
[SourceVersionDate "2018.11.04"]
[SourceQuality "1"]

1. e4 d6 2. d4 Nd7 3. Nf3 e5 4. Bc4 Be7 5. 0-0 c6 6. a4 Ngf6 7. Re1 b6 8. Nc3 0-0 9. d5 c5 10. Qe2 a6 11. h3 Ne8 12. Nh2 Bg5 13. Qh5 Bxc1 14. Raxc1 Ndf6 15. Qg5 Qe7 16. Nf3 Nc7 17. Rb1 Bd7 18. b4 h6 19. Qh4 b5 20. Bf1 cxb4 21. Rxb4 a5 22. Rb2 b4 23. Nb5 Nxb5 24. Bxb5 Bxb5 25. axb5 Rfc8 26. Nd2 Nxd5 27. Qxe7 Nxe7 28. Ra1 Rcb8 29. Nc4 Rxb5 30. Nxd6 Rbb8 31. Nc4 Nc6 32. Rba2 Rb5 33. Nd6 Rb6 34. Nc4 Rba6 35. Ra4 Kf8 36. Rd1 Nd4 37. Rd2 f6 38. f4 Rc6 39. Rxa5 Rxa5 40. Nxa5 Rxc2 41. Rxc2 Nxc2 42. fxe5 fxe5 43. Kf2 Nd4 44. Ke3 Ke7 45. Kd3 Ne6 46. Nc6+ Kf6 47. Nxb4 Nf4+ 48. Ke3 Nxg2+ 49. Kf3 Nf4 50. h4 h5 51. Nc2 g6 52. Ne3 Ke6 53. Nc4 Nd3 54. Ke3 Nb4 55. Kf3 Nc6 56. Ke3 Nd8 57. Nd2 Nf7 58. Nf3 Kd6 59. Kd3 Ke6 60. Ke3 Kf6 61. Kd3 g5 62. hxg5+ Nxg5 63. Nh4 Ne6 64. Ke3 Nd4 65. Kf2 Kg5 66. Kg3 Ne2+ 67. Kf2 Kxh4 68. Kxe2 Kg3 0-1

[Event "URU-chTA"]
[Site "Montevideo"]
[Date "2018.07.07"]
[Round "2.13"]
[White "Caitano, Martin Joel"]
[Black "Coppola, Claudio"]
[Result "1-0"]
[WhiteElo "2084"]
[BlackElo "2210"]
[PlyCount "111"]
[EventDate "2018.07.06"]
[EventType "team-swiss"]
[EventRounds "5"]
[EventCountry "URU"]
[SourceTitle "EXT 2019"]
[Source "ChessBase"]
[SourceDate "2018.10.10"]
[SourceVersion "1"]
[SourceVersionDate "2018.10.10"]
[SourceQuality "1"]
[WhiteTeam "Trebejos Piratas"]
[BlackTeam "Banco Republica"]
[WhiteTeamCountry "URU"]
[BlackTeamCountry "URU"]

1. d4 Nf6 2. c4 c5 3. d5 b5 4. cxb5 a6 5. bxa6 g6 6. Nc3 Bxa6 7. e4 Bxf1 8. Kxf1 d6 9. g3 Bg7 10. Kg2 0-0 11. Nf3 Nbd7 12. Qc2 Qa5 13. h3 Rfb8 14. Rb1 Ne8 15. Bg5 Ne5 16. Nxe5 Bxe5 17. Rhc1 Ra7 18. Bd2 Nc7 19. a4 Qa6 20. b3 Rab7 21. Nd1 e6 22. Ne3 Bd4 23. dxe6 fxe6 24. Ng4 e5 25. Bh6 Ne6 26. Nf6+ Kh8 27. Nd5 Rf7 28. f3 g5 29. b4 Rg8 30. b5 Qc8 31. Qc4 Rg6 32. b6 Rxh6 33. a5 Rxf3 34. Kxf3 Qf8+ 35. Ke2 Qf2+ 36. Kd1 Rxh3 37. Qe2 Qxg3 38. b7 Rh2 39. b8Q+ Kg7 40. Qb3 Qg1+ 41. Kd2 Rxe2+ 42. Kxe2 Qg2+ 43. Kd3 Qf3+ 44. Kc4 Qxe4 45. Qd3 Qg2 46. Rc2 Qg4 47. Qe2 Qh4 48. Qh2 Qe4 49. Qg2 Qf5 50. Rf1 Nf4 51. Nxf4 exf4 52. Re2 g4 53. Qe4 Qf7+ 54. Qe6 f3 55. Qxf7+ Kxf7 56. a6 1-0

[Event "URU-ch"]
[Site "Montevideo"]
[Date "2018.04.14"]
[Round "8"]
[White "Lopez Azambuja, Nicolas"]
[Black "Caitano, Martin Joel"]
[Result "1-0"]
[WhiteElo "2314"]
[BlackElo "2115"]
[PlyCount "67"]
[EventDate "2018.04.07"]
[EventType "tourn"]
[EventRounds "9"]
[EventCountry "URU"]
[EventCategory "1"]
[SourceTitle "CBM 183 Extra"]
[Source "ChessBase"]
[SourceDate "2018.04.19"]
[SourceVersion "1"]
[SourceVersionDate "2018.04.19"]
[SourceQuality "1"]

1. d4 Nf6 2. c4 g6 3. Nc3 Bg7 4. e4 d6 5. Nf3 0-0 6. Be2 e5 7. Be3 exd4 8. Nxd4 Re8 9. f3 c6 10. Bf2 Nbd7 11. Qd2 d5 12. exd5 cxd5 13. 0-0 dxc4 14. Ndb5 Qa5 15. Nd6 Rd8 16. Nxc4 Ne5 17. Nxa5 Rxd2 18. Rfd1 Rxd1+ 19. Rxd1 b6 20. Rd8+ Bf8 21. f4 bxa5 22. fxe5 Nd7 23. Bf3 Rb8 24. Bxa7 Rxb2 25. Rxc8 Nxe5 26. Bc5 Nd7 27. Bd4 Rd2 28. Be3 Rd3 29. Kf2 Kg7 30. Be2 Rd6 31. Ne4 Rd5 32. g4 Be7 33. Bc4 Bh4+ 34. Ke2 1-0

[Event "URU-ch"]
[Site "Montevideo"]
[Date "2018.04.10"]
[Round "4"]
[White "Caitano, Martin Joel"]
[Black "Granara Barreto, Sebastian A"]
[Result "1/2-1/2"]
[WhiteElo "2115"]
[BlackElo "2164"]
[PlyCount "47"]
[EventDate "2018.04.07"]
[EventType "tourn"]
[EventRounds "9"]
[EventCountry "URU"]
[EventCategory "1"]
[SourceTitle "CBM 183 Extra"]
[Source "ChessBase"]
[SourceDate "2018.04.19"]
[SourceVersion "1"]
[SourceVersionDate "2018.04.19"]
[SourceQuality "1"]

1. d4 Nf6 2. c4 c5 3. d5 b5 4. cxb5 a6 5. bxa6 g6 6. Nc3 Bg7 7. Nf3 0-0 8. g3 d6 9. Bg2 Nbd7 10. 0-0 Nb6 11. e4 Bxa6 12. Re1 Nfd7 13. Bf1 Nc4 14. Nd2 Nde5 15. Nxc4 Nxc4 16. Bxc4 Bxc4 17. Bf4 Qb6 18. Qd2 Qb4 19. e5 Rfd8 20. Re4 dxe5 21. Bxe5 Rxd5 22. Qxd5 Bxd5 23. Rxb4 cxb4 24. Bxg7 1/2-1/2

[Event "URU-ch"]
[Site "Montevideo"]
[Date "2018.04.08"]
[Round "2"]
[White "Caitano, Martin Joel"]
[Black "Carbone, Diego"]
[Result "0-1"]
[WhiteElo "2115"]
[BlackElo "2219"]
[PlyCount "98"]
[EventDate "2018.04.07"]
[EventType "tourn"]
[EventRounds "9"]
[EventCountry "URU"]
[EventCategory "1"]
[SourceTitle "CBM 183 Extra"]
[Source "ChessBase"]
[SourceDate "2018.04.19"]
[SourceVersion "1"]
[SourceVersionDate "2018.04.19"]
[SourceQuality "1"]

1. d4 Nf6 2. c4 g6 3. Nc3 d5 4. Nf3 Bg7 5. Qb3 dxc4 6. Qxc4 0-0 7. Bf4 Na6 8. e4 c5 9. d5 e6 10. Be2 exd5 11. exd5 Nb4 12. 0-0 Nfxd5 13. Rad1 Be6 14. a3 Nxc3 15. Rxd8 Bxc4 16. Rxf8+ Bxf8 17. Bxc4 Ncd5 18. Rd1 Nb6 19. Bxf7+ Kxf7 20. axb4 cxb4 21. Ng5+ Kg8 22. Kf1 Be7 23. Nf3 a5 24. Bc7 Na4 25. Rd7 Bf6 26. Rd5 b6 27. b3 Rc8 28. Be5 Bxe5 29. Nxe5 Nc5 30. Nc4 Nxb3 31. Nxb6 Rc6 32. Na4 Rc2 33. Rd3 Nc5 34. Nxc5 Rxc5 35. Rd8+ Kf7 36. Rb8 Ke6 37. Ke2 Rc2+ 38. Ke3 Kd5 39. Kd3 Rc3+ 40. Kd2 Kc4 41. Ra8 Ra3 42. Kc2 Ra2+ 43. Kb1 Kb3 44. Rf8 Rb2+ 45. Kc1 Rc2+ 46. Kb1 a4 47. Rf4 Rc3 48. Re4 a3 49. Re2 a2+ 0-1

[Event "Montevideo Trebejos Autumn op"]
[Site "Montevideo"]
[Date "2018.03.19"]
[Round "6"]
[White "Barboza, Mauro"]
[Black "Caitano, Martin Joel"]
[Result "0-1"]
[WhiteElo "1882"]
[BlackElo "2100"]
[PlyCount "84"]
[EventDate "2018.03.07"]
[EventType "swiss"]
[EventRounds "7"]
[EventCountry "URU"]
[SourceTitle "CBM 183 Extra"]
[Source "ChessBase"]
[SourceDate "2018.04.19"]
[SourceVersion "1"]
[SourceVersionDate "2018.04.19"]
[SourceQuality "1"]

1. e4 d6 2. d4 Nf6 3. Nc3 Nbd7 4. Nf3 e5 5. dxe5 dxe5 6. Bc4 h6 7. 0-0 c6 8. a3 b5 9. Ba2 Be7 10. Qe2 Qc7 11. Nh4 Nc5 12. Kh1 Bg4 13. f3 Be6 14. Bxe6 Nxe6 15. Nf5 Bf8 16. Be3 g6 17. Ng3 h5 18. Qe1 Bg7 19. Nge2 0-0 20. Qh4 a5 21. h3 Nd7 22. Rad1 Nb6 23. f4 Nc4 24. Bc1 exf4 25. Nxf4 Nxf4 26. Bxf4 Qc8 27. Bc1 Qe6 28. Rf3 Rae8 29. Rfd3 b4 30. axb4 axb4 31. Nd5 cxd5 32. exd5 Qe4 33. Qxe4 Rxe4 34. c3 bxc3 35. bxc3 Rd8 36. Bg5 Rd7 37. Rb1 Re5 38. Rb8+ Kh7 39. Rd8 Re1+ 40. Kh2 Be5+ 41. g3 Rxd8 42. Bxd8 Re3 0-1